Francúzsky jazyk pre 3. ročník stredných škôl

Bibliographic Details
Main Authors: Jónová, Rút (Author, Translator), Taišlová, Jitka (Author), Horažďovská, Růžena (Author)
Other Authors: Škoda, František, 1925-1990 (Illustrator), Jirsa, Miroslav (nob)
Format: Book
Language:Slovak
PhysicalDescription:248 s. Noty, sch., franc.-slov. slovník 20 cm
Published: Bratislava Slovenské pedagogické nakladateľstvo [1994]
ISBN:8008023635
Edition:3. vyd.
Subjects:

MARC

LEADER 00000nam a2200000 a 4500
001 vtls001075784
003 SK-MaSNL
005 20260302063926.0
008 250414s1994 xo 0 slo
015 |a SNBA1994/08 
020 |a 8008023635 
035 |a SNK000018617 
040 |a SNK  |b slo  |c SNK  |e AACR2 
041 0 |a slo 
044 |a xo  |c SK 
080 |a 804.0(075.3)  |2 1981 
100 1 |a Jónová, Rút  |4 aut  |9 8325 
245 1 0 |a Francúzsky jazyk pre 3. ročník stredných škôl  |c Rút Jónová, Jitka Taišlová, Růžena Horažďovská ; Prel. Rút Jónová ; Graf. úpr. Viktória Lukáčová ; Ilustr. František Škoda ; Obál. navrhol Miroslav Jirsa 
250 |a 3. vyd. 
260 |a Bratislava  |b Slovenské pedagogické nakladateľstvo  |c [1994]  |e Bratislava  |f Svornosť 
300 |a 248 s.  |b Noty, sch., franc.-slov. slovník  |c 20 cm 
500 |a Schválilo MŠ SR 
655 7 |a učebnice  |2 SNK  |9 22521 
700 1 |a Taišlová, Jitka  |4 aut  |9 47312 
700 1 |a Horažďovská, Růžena  |4 aut  |9 44313 
700 1 |a Jónová, Rút  |4 trl  |9 8325 
700 1 |a Lukáčová, Viktória  |4 bkd  |9 279190 
700 1 |a Škoda, František,  |d 1925-1990  |4 ill  |9 200357 
700 1 |a Jirsa, Miroslav  |4 nob  |9 450458 
852 |a Slovenská národná knižnica 
919 |a 80-08-02363-5 
954 |a francúzština 
958 |a TL 
958 |a UC 
958 |a OP 
958 |a CZ 
968 |b ČES  |d Z čes. orig. 
999 |c 1134833  |d 1136763 
952 |t P60, <04>, [BOOK], {604}  |a SNK  |b SNK  |y VYP  |7 0  |p 17A0243740  |o snkSC 86290 D1  |0 0  |1 0  |4 0  |d 2000-06-13  |l 0  |r 2004-12-31 00:00:00  |w 2026-02-24